Visualizzazione normale
Vista MARC
- Higgins Billy
di Personal Name
Records bibliografici associati: 1
001 - CONTROL NUMBER
- control field: 33281
003 - CONTROL NUMBER IDENTIFIER
- control field: IT-RoPau
005 - DATE AND TIME OF LATEST TRANSACTION
- control field: 20140704154826.0
008 - FIXED-LENGTH DATA ELEMENTS
- fixed length control field: 140704|| aca||aabn | a|a d
040 ## - CATALOGING SOURCE
- Original cataloging agency: IT-RoPau
- Transcribing agency: IT-RoPau
100 ## - HEADING--PERSONAL NAME
- Personal name: Higgins Billy
670 ## - SOURCE DATA FOUND
- Source citation: Work cat.: (IT-RoPau)102340: Higgins Billy, Billy's Smile